<?xml version="1.0" encoding="UTF-8"?><?xml-stylesheet type="text/xsl" href="static/style.xsl"?><OAI-PMH xmlns="http://www.openarchives.org/OAI/2.0/" xmlns:xsi="http://www.w3.org/2001/XMLSchema-instance" xsi:schemaLocation="http://www.openarchives.org/OAI/2.0/ http://www.openarchives.org/OAI/2.0/OAI-PMH.xsd"><responseDate>2026-04-13T00:14:07Z</responseDate><request verb="GetRecord" identifier="oai:www.recercat.cat:2117/350156" metadataPrefix="marc">https://recercat.cat/oai/request</request><GetRecord><record><header><identifier>oai:recercat.cat:2117/350156</identifier><datestamp>2025-07-23T06:08:55Z</datestamp><setSpec>com_2072_1033</setSpec><setSpec>col_2072_452951</setSpec></header><metadata><record xmlns="http://www.loc.gov/MARC21/slim" xmlns:dcterms="http://purl.org/dc/terms/" xmlns:xsi="http://www.w3.org/2001/XMLSchema-instance" xmlns:doc="http://www.lyncode.com/xoai" xsi:schemaLocation="http://www.loc.gov/MARC21/slim http://www.loc.gov/standards/marcxml/schema/MARC21slim.xsd">
   <leader>00925njm 22002777a 4500</leader>
   <datafield ind2=" " ind1=" " tag="042">
      <subfield code="a">dc</subfield>
   </datafield>
   <datafield ind2=" " ind1=" " tag="720">
      <subfield code="a">Forero Gómez, Jorge Fredy</subfield>
      <subfield code="e">author</subfield>
   </datafield>
   <datafield ind2=" " ind1=" " tag="260">
      <subfield code="c">2021-07-14</subfield>
   </datafield>
   <datafield ind2=" " ind1=" " tag="520">
      <subfield code="a">El presente Trabajo Final Master, se centra en la investigación de los impactos urbanos que generará la construcción de la Primera Línea del Metro de Bogotá en la Localidad de Puente Aranda, sector comprendido entre las estaciones número 8 y 9 sobre la Avenida 1º de Mayo y Avenida NQS-Autopista Sur, en la ciudad de Bogotá. Sector definido como residencial, pero con un importante componente comercial que ha sido tradicional por décadas, en la venta de muebles y suministros de decoración para el hogar.La  construcción  de  la  PLMB,  desde  la  mitad  del  siglo  anterior,  ha  sido  el epicentro  de  un  sinnúmero  de  polémicas  y  debates  de  todo  tipo,  desde  la conveniencia  técnica,  financiera  o  urbanística,  hasta  de  las  decisiones  políticas tomadas  en  torno  a  él,  con  un  claro  y  ávido  interés  por  la  obtención  de  réditos electorales,   acosta   de   las   necesidades   de   movilidad   de   los   ciudadanos   y aprovechando hábilmente por supuesto, la difusión mediática que genera un proyecto de esta magnitud.Finalmente, después de largos años de espera y ante la imperiosa necesidad de   mejorar   las   condiciones   de   movilidad   de   la   ciudad,   las   autoridades gubernamentales,  nacionales  y  distritales,  toman  la  decisión  de  construir  el  Metro elevado. Una infraestructura tipo viaducto que estará a 12 mts sobre el nivel de suelo y que por obvias razones generará un gran impacto urbano al sector, y desde ya, una gran preocupación, incertidumbre y zozobra, a la comunidad de residentes que se localizan en su radio de acción.</subfield>
   </datafield>
   <datafield tag="653" ind2=" " ind1=" ">
      <subfield code="a">Àrees temàtiques de la UPC::Enginyeria civil::Infraestructures i modelització dels transports::Infraestructures i transport ferroviari</subfield>
   </datafield>
   <datafield tag="653" ind2=" " ind1=" ">
      <subfield code="a">Àrees temàtiques de la UPC::Edificació::Construcció sostenible</subfield>
   </datafield>
   <datafield tag="653" ind2=" " ind1=" ">
      <subfield code="a">Subway stations</subfield>
   </datafield>
   <datafield tag="653" ind2=" " ind1=" ">
      <subfield code="a">Metro -- Estacions -- Colombia -- Bogotà</subfield>
   </datafield>
   <datafield ind2="0" ind1="0" tag="245">
      <subfield code="a">Impacto urbano del proyecto metro de Bogotá en la localidad de Puente Aranda, Bogotá D.C. Colombia. Tramo Estación 8 (Cra. 50 con Av. Primero de Mayo) y Estación 9. (Autopista Sur con Av. Primero de Mayo)</subfield>
   </datafield>
</record></metadata></record></GetRecord></OAI-PMH>